Online
Catalog

Descentralizacion y partidos políticos en la República Dominicana / (Record no. 49733)

MARC details
000 -CABECERA
campo de control de longitud fija 02121nam a22003377i 4500
003 - IDENTIFICADOR DEL NÚMERO DE CONTROL
campo de control DO-SdBNP
005 - FECHA Y HORA DE LA ÚLTIMA TRANSACCIÓN
campo de control 20250623104303.0
007 - CAMPO FIJO DE DESCRIPCIÓN FÍSICA--INFORMACIÓN GENERAL
campo de control de longitud fija ta
008 - DATOS DE LONGITUD FIJA--INFORMACIÓN GENERAL
campo de control de longitud fija 210414e2020 dr ||||er|||| 001 0 spa d
020 ## - NÚMERO INTERNACIONAL ESTÁNDAR DEL LIBRO
Número Internacional Estándar del Libro 9789945220322
040 ## - FUENTE DE LA CATALOGACIÓN
Centro catalogador/agencia de origen DO-SdBNP
Lengua de catalogación spa
Centro/agencia transcriptor BNMPHU
Normas de descripción rda
041 ## - CÓDIGO DE LENGUA
Código de lengua original spa
082 #4 - NÚMERO DE LA CLASIFICACIÓN DECIMAL DEWEY
Número de clasificación 320.97293
Número de documento/Ítem M623d
Número de edición 22
100 1# - ENTRADA PRINCIPAL--NOMBRE DE PERSONA
Nombre de persona Mitchell, Crhistopher,
9 (RLIN) 78385
Fechas asociadas al nombre 1944-
245 10 - MENCIÓN DE TÍTULO
Título Descentralizacion y partidos políticos en la República Dominicana /
Mención de responsabilidad, etc. Christopher Mitchell
264 ## - PRODUCCIÓN, PUBLICACIÓN, DISTRIBUCIÓN, FABRICACIÓN Y COPYRIGHT
Producción, publicación, distribución, fabricación y copyright Santo Domingo :
Nombre del de productor, editor, distribuidor, fabricante FLACSO-Républica Dominicana,
Fecha de producción, publicación, distribución, fabricación o copyright 2020.
300 ## - DESCRIPCIÓN FÍSICA
Extensión 208 páginas
Dimensiones 21 cm.
336 ## - TIPO DE CONTENIDO
Fuente rdacontent
Término de tipo de contenido texto
Código de tipo de contenido txt
337 ## - TIPO DE MEDIO
Fuente rdamedia
Nombre/término del tipo de medio sin mediación
Código del tipo de medio n
338 ## - TIPO DE SOPORTE
Fuente rdacarrier
Nombre/término del tipo de soporte volumen
Código del tipo de soporte nc
500 ## - NOTA GENERAL
Nota general Incluye referencias bibliográficas y notas al pie de las páginas
500 ## - NOTA GENERAL
Nota general Incluye datos biográficos del autor en la solapa de la cubierta
500 ## - NOTA GENERAL
Nota general Incluye índice de nombres y materias
504 ## - NOTA DE BIBLIOGRAFÍA, ETC.
Nota de bibliografía, etc. Bibliografía : p.193-199
505 1# - NOTA DE CONTENIDO CON FORMATO
Nota de contenido con formato Índice de tablas --
Título Lista de siglas --
-- Nota acerca de la edición de FLACSO-RD
-- Agradecimientos --
-- Presentación --
Información miscelánea Capítulo 1.
Título Introducción --
Información miscelánea Capítulo 2 .
Título Medidas e iniciativas favorables a la descentralización, 1994-2008 --
Información miscelánea Capítulo 3.
Título Las raíces profundas y las consecuencias locales del centralismo dominicano --
Información miscelánea Capítulo 4.
Título Una coalición municipalista adquiere influencia política --
Información miscelánea Capítulo 5 .
Título Las alianzas partidarias, los municipios y la descentralización --
Información miscelánea Capítulo 6 .
Título La descentralización dominicana se acerca a la madurez, 1996-2013 --
Información miscelánea Capítulo 7 .
Título Resistencia y reacción contra la descentralización --
Información miscelánea Capítulo 8 .
Título Evaluación de modelos alternativos para analizar la descentralización dominicana.-
Información miscelánea Capítulo 9 .
Título Unas estrategias municipalistas para el futuro --
-- Bibliografía --
-- Índice de nombres y materias.
590 ## - NOTA LOCAL (RLIN)
Nota local Inventariado, 2021/MFF
650 #4 - PUNTO DE ACCESO ADICIONAL DE MATERIA--TÉRMINO DE MATERIA
Término de materia o nombre geográfico como elemento de entrada Descentralización administrativa
Subdivisión geográfica República Dominicana
9 (RLIN) 3012
651 #4 - PUNTO DE ACCESO ADICIONAL DE MATERIA--NOMBRE GEOGRÁFICO
Nombre geográfico República Domnicana
Subdivisión general Política y gobierno
Subdivisión cronológica Siglo XXI
9 (RLIN) 78592
910 ## - DATOS DE OPCIÓN DEL USUARIO (OCLC)
Datos de opción del usuario Validado. Control de calidad MFF
942 ## - ELEMENTOS DE PUNTO DE ACCESO ADICIONAL (KOHA)
Fuente del sistema de clasificación o colocación Dewey Decimal Classification
Tipo de ítem Koha Libro
Holdings
Estado de retiro Estado de pérdida Fuente del sistema de clasificación o colocación Restricciones de uso No para préstamo Código de colección Localización permanente Ubicación/localización actual Ubicación en estantería Fecha de adquisición Fuente de adquisición Signatura topográfica completa Código de barras Fecha visto por última vez Precio válido a partir de Tipo de ítem Koha Número de copia
    Dewey Decimal Classification Excluido de préstamo   Patrimonio Dominicano Biblioteca Nacional Pedro Henríquez Ureña Biblioteca Nacional Pedro Henríquez Ureña Depósito 26.03.2021 Donación BNPHU PD 320.97293 M681d 2021-1421 14.04.2021 14.04.2021 Libro  
    Dewey Decimal Classification Excluido de préstamo   Patrimonio Dominicano Biblioteca Nacional Pedro Henríquez Ureña Biblioteca Nacional Pedro Henríquez Ureña Depósito 26.03.2021 Donación BNPHU PD 320.97293 M681d 2021-1422 15.04.2021 15.04.2021 Libro e.2
    Dewey Decimal Classification Préstamo en sala   Dominicana de Servicio Biblioteca Nacional Pedro Henríquez Ureña Biblioteca Nacional Pedro Henríquez Ureña Depósito 26.03.2021 Donación BNPHU DS 320.97293 M681d 2021-1423 15.04.2021 15.04.2021 Libro e.3
    Dewey Decimal Classification Préstamo en sala   Dominicana de Servicio Biblioteca Nacional Pedro Henríquez Ureña Biblioteca Nacional Pedro Henríquez Ureña Depósito 10.01.2023 Donación BNPHU DS 320.97293 M681d 2023-0040 10.01.2023 10.01.2023 Libro e.4
    Dewey Decimal Classification Préstamo en sala   Dominicana de Servicio Biblioteca Nacional Pedro Henríquez Ureña Biblioteca Nacional Pedro Henríquez Ureña Depósito 10.01.2023 Donación BNPHU DS 320.97293 M681d 2023-0041 10.01.2023 10.01.2023 Libro e.5

Powered by Koha